Biochémia návody na laboratórne cvičenia z biochémie

Bibliographic Details
Main Authors: Škárka, Bohumil, 1933-2009 (Author), Miko, Milan, 1935- (Author)
Format: Book
Language:Slovak
PhysicalDescription:119 s. sch., tab. 29 cm
Published: Bratislava Slovenská vysoká škola technická 1979
Edition:1. vyd.
Subjects:

MARC

LEADER 00000cam a2200000 a 4500
001 vtls001116921
003 SK-MaSNL
005 20260301111546.0
008 250313s1979 xo a e n 00000 slo
015 |a SNBA1979 
035 |a SNK000059764 
035 |a urn:nbn:sk:snk-amkwfj 
035 |a urn:nbn:sk:snk-am008362 
035 |a E40F76A0-8BA8-41B1-B43C-CFA938CB1DC9 
040 |a SNK  |b slo  |c SNK  |e AACR2 
041 0 |a slo 
044 |a xo  |c SK 
080 |a 577.1(075.8)(076.5)  |2 1981 
100 1 |a Škárka, Bohumil,  |d 1933-2009  |4 aut  |9 225740 
245 1 0 |a Biochémia  |b návody na laboratórne cvičenia z biochémie  |c Bohumil Škárka, Milan Miko 
250 |a 1. vyd. 
260 |a Bratislava  |b Slovenská vysoká škola technická  |c 1979 
300 |a 119 s.  |b sch., tab.  |c 29 cm 
366 |e 300 výt. 
650 0 7 |a biochémia  |2 SNKPH  |9 696 
655 7 |a praktické cvičenia  |2 SNKPH  |9 70517 
655 7 |a učebnice vysokých škôl  |2 SNKPH  |9 70191 
700 1 |a Miko, Milan,  |d 1935-  |4 aut  |9 37092 
852 |a Slovenská národná knižnica 
958 |a OND 
958 |a RM 
958 |a UV 
999 |c 707413  |d 709343 
952 |a SNK  |b SNK  |y PREZ  |7 0  |p 17A0972100  |o snkSB 28419  |i snkKSP 4735/79  |0 0  |1 0  |4 0  |d 2014-08-12  |f 1  |l 0  |r 2026-02-23 21:21:34  |w 2026-02-23 
952 |a SNK  |b SNK  |y VYP  |7 0  |o snkSB 28419 D1  |i snkKSP 4736/79  |0 0  |1 0  |4 0  |d 2014-08-12  |l 0  |r 2026-02-23 21:21:34  |w 2026-02-23